Biblioteca

Amistad, educación de los adolescentes en la fe / Pierre Babin ; José Manuel Estepa Llaurens, Versión catellana y adaptación a los países de habla hispana (Registro nro. 32673)

Detalles MARC
000 -LÍDER
Campo fijo de descripción fija 006450000a22001930004500
041 0# - CÓDIGO DE IDIOMA
Código de idioma para texto/pista de sonido o título separado
082 04 - NÚMERO DE CLASIFICACIÓN DECIMAL DEWEY
Número de clasificación G 268.433 B114a
001 - NÚMERO DE CONTROL
Campo de control 1350
100 1# - ASIENTO PRINCIPAL--NOMBRE PERSONAL
Nombre personal Babin, Pierre
245 10 - TÍTULO
Título del Material Amistad, educación de los adolescentes en la fe / Pierre Babin ; José Manuel Estepa Llaurens, Versión catellana y adaptación a los países de habla hispana
250 ## - MENCIÓN DE EDICIÓN
Mención de edición 3
260 ## - PUBLICACIÓN, DISTRIBUCIÓN, ETC. (PIE DE IMPRENTA)
Lugar de publicación, distribución, etc. Viriato, Madrid, España : Marova
300 ## - DESCRIPCIÓN FÍSICA
Extensión 197 Pag.
336 ## - CONTENT TYPE
Content type term texto
Content type code txt
Source rdacontent
337 ## - MEDIA TYPE
Source rdamedia
Media type term sin mediación
Media type code n
338 ## - CARRIER TYPE
Source rdacarrier
Carrier type term volumen
Carrier type code nc
650 14 - ASIENTO SECUNDARIO DE MATERIA - TERMINO TEMÁTICO
Término temático o nombre geográfico como elemento de entrada EDUCACION RELIGIOSA DE JOVENES \ AMISTAD - ESTUDIO Y ENSEÑANZA
942 ## - TIPO DE MATERIAL (KOHA)
Tipo de Item KOHA Libros General
Existencias
Estado de Material Estado de Perdido Estado de Dañado No para Préstamo Colección Tomo Biblioteca de Origen Biblioteca Permanente Fecha de Adquisición Total de Préstamos Signatura Topográfica Código de Barras Última vez visto Ejemplar/Existencia Fecha de Remplazo Tipo de Material
        Colección General   Biblioteca FUSBC Biblioteca FUSBC 14/10/2004   G 268.433 B114a 812 26/09/2024 1 26/01/2016 Libros General

Biblioteca FUSBC | Teléfono: (57+4) 349 88 10 Ext. 141| WhatsApp (+57) 3005338115 
E-mail: biblioteca@unisbc.edu.co | Calle 76 87-14 Robledo Palenque, Medellín, Colombia

Con tecnología Koha